000 00514nam a2200181Ia 4500
001 15617
005 20260306170209.0
008 260306t2017||||xx |||||||||||||| ||und||
041 _aESP
082 _a551.22
_bI59
100 _aInstituto Geofísico del Perú
_eAUT
245 0 _aPeligros geodinámicos en la ciudad de Arequipa cercado y zonas aledañas:
_binforme técnico especial 2017
260 _c2017
300 _a62 páginas :
_c30 cm.
650 _aGEN
654 _aCCN
942 _cLIB
_dJUS
_fJUS
_2ddc
_n
999 _c15617
_d15617